|
|
|
|
| LEADER |
00000cam a22000004a 4500 |
| 001 |
musev2_18992 |
| 003 |
MdBmJHUP |
| 005 |
20230905042036.0 |
| 006 |
m o d |
| 007 |
cr||||||||nn|n |
| 008 |
120314s2012 pau o 00 0 eng d |
| 010 |
|
|
|z 2012008893
|
| 020 |
|
|
|a 9781439908495
|
| 020 |
|
|
|z 9781439908488
|
| 020 |
|
|
|z 9781439908471
|
| 035 |
|
|
|a (OCoLC)811491769
|
| 040 |
|
|
|a MdBmJHUP
|c MdBmJHUP
|
| 043 |
|
|
|a cl-----
|
| 050 |
0 |
4 |
|a HQ1236.5.L37
|b H56 2012
|
| 082 |
0 |
|
|a 320.98082
|2 23
|
| 100 |
1 |
|
|a Hinojosa, Magda,
|d 1975-
|
| 245 |
1 |
0 |
|a Selecting Women, Electing Women :
|b Political Representation and Candidate Selection in Latin America /
|c Magda Hinojosa.
|
| 264 |
|
1 |
|a Philadelphia :
|b Temple University Press,
|c 2012.
|
| 264 |
|
3 |
|a Baltimore, Md. :
|b Project MUSE,
|c 2012
|
| 264 |
|
4 |
|c ©2012.
|
| 300 |
|
|
|a 1 online resource (226 pages).
|
| 336 |
|
|
|a text
|b txt
|2 rdacontent
|
| 337 |
|
|
|a computer
|b c
|2 rdamedia
|
| 338 |
|
|
|a online resource
|b cr
|2 rdacarrier
|
| 504 |
|
|
|a Includes bibliographical references and index.
|
| 505 |
0 |
|
|a Electing women: female political representation in Latin America -- Why selection matters: explaining women's representation in politics -- How selection matters: a theoretical framework -- The paradox of primaries: inclusive-decentralized selection -- Inclusive-centralized and exclusive-decentralized selection -- "Less democratic, but more effective": exclusive-centralized selection -- Selecting candidates closer to home: widows, wives, and daughters -- Altering candidate selection: the adoption and implementation of gender quotas -- Candidate selection and women's representation in Latin American politics -- Appendix one: Latin American women's representation by party -- Appendix two: interviews.
|
| 588 |
|
|
|a Description based on print version record.
|
| 650 |
|
0 |
|a Women and democracy
|z Latin America.
|
| 650 |
|
0 |
|a Women political candidates
|z Latin America.
|
| 650 |
|
0 |
|a Women
|x Political activity
|z Latin America.
|
| 655 |
|
7 |
|a Electronic books.
|2 local
|
| 710 |
2 |
|
|a Project Muse.
|e distributor
|
| 830 |
|
0 |
|a Book collections on Project MUSE.
|
| 856 |
4 |
0 |
|z Texto completo
|u https://projectmuse.uam.elogim.com/book/18992/
|
| 945 |
|
|
|a Project MUSE - Custom Collection
|
| 945 |
|
|
|a Project MUSE - 2012 Complete
|
| 945 |
|
|
|a Project MUSE - 2012 Political Science and Policy Studies
|